Малыш: обеспечение педагогической поддержки раннего семейного воспитания в условиях ДОО (Запись № 11491826)
[ простой вид ]
| 000 -МАРКЕР | |
|---|---|
| контрольное поле | 02383nam0a2200373 4500 |
| 001 - ИДЕНТИФИКАТОР ЗАПИСИ | |
| контрольное поле | RU\NLR\BIBL_A\011722590 |
| 005 - ИДЕНТИФИКАТОР ВЕРСИИ | |
| контрольное поле | 20181004095938.0 |
| 010 ## - МЕЖДУНАРОДНЫЙ СТАНДАРТНЫЙ НОМЕР КНИГИ (ISBN) | |
| Номер (ISBN) | 978-5-6040503-4-7 |
| Тираж | 100 |
| 021 ## - НОМЕР ГОСУДАРСТВЕННОЙ РЕГИСТРАЦИИ | |
| Код страны | Российская Федерация |
| Номер | КН-П-18-033967 |
| Номер Листа государственной регистраци | КН-П-18-2468 |
| 035 ## - ДРУГИЕ СИСТЕМНЫЕ НОМЕРА | |
| Идентификатор записи | (NLR Aleph) 011722590 |
| 035 ## - ДРУГИЕ СИСТЕМНЫЕ НОМЕРА | |
| Идентификатор записи | (RuMoRGB)009628796 |
| 100 ## - ДАННЫЕ ОБЩЕЙ ОБРАБОТКИ | |
| Данные общей обработки | 20180607d2018 u y0rusy50 ca |
| 101 0# - ЯЗЫК РЕСУРСА | |
| Язык текста, звукозаписи и т.д. | русский |
| 102 ## - СТРАНА ПУБЛИКАЦИИ ИЛИ ПРОИЗВОДСТВА | |
| Страна публикации | Российская Федерация |
| 105 ## - ПОЛЕ КОДИРОВАННЫХ ДАННЫХ: ТЕКСТОВЫЕ МАТЕРИАЛЫ, МОНОГРАФИЧЕСКИЕ | |
| Кодированные данные о монографическом текстовом документе | a|||j|||000zy |
| 200 1# - ЗАГЛАВИЕ И СВЕДЕНИЯ ОБ ОТВЕТСТВЕННОСТИ | |
| Основное заглавие | Малыш: обеспечение педагогической поддержки раннего семейного воспитания в условиях ДОО |
| Сведения, относящиеся к заглавию | учебно-методическое пособие |
| Первые сведения об ответственности | Н. Ю. Майданкина, С. И. Баканова, Л. И. Филиппова |
| Последующие сведения об ответственности | Министерство образования и науки Ульяновской области, ФГОУ ВО Ульяновский государственный педагогический университет им. И. Н. Ульянова, Муниципальное бюджетное дошкольное образовательное учреждение детский сад № 229, г. Ульяновск |
| 205 ## - СВЕДЕНИЯ ОБ ИЗДАНИИ | |
| Сведения об издании | Изд. 2-е, доп. |
| 210 ## - ПУБЛИКАЦИЯ, РАСПРОСТРАНЕНИЕ И ДР. | |
| Место издания, распространения и т.д. | Ульяновск |
| Имя издателя, распространителя и т. д. | Качалин Александр Васильевич |
| Дата издания, распространения и т.д. | 2018 |
| 215 ## - ФИЗИЧЕСКАЯ ХАРАКТЕРИСТИКА | |
| Специфическое обозначение материала и объем | 123 с. |
| Другие сведения о физической характеристике | табл. |
| Размеры | 21 |
| 300 ## - ОБЩИЕ ПРИМЕЧАНИЯ | |
| Текст примечания | На обл. авт. не указаны |
| 320 ## - ПРИМЕЧАНИЯ О НАЛИЧИИ В ДОКУМЕНТЕ БИБЛИОГРАФИИ / УКАЗАТЕЛЯ | |
| Текст примечания | Библиогр.: с. 119-122 (49 назв.) |
| 606 1# - НАИМЕНОВАНИЕ ТЕМЫ КАК ПРЕДМЕТ | |
| Наименование темы | Дети раннего возраста |
| Формальный подзаголовок | Учебно-методические пособия |
| Тематический подзаголовок | Воспитание |
| Системный номер авторитетной/нормативной записи | 1334339 |
| Идентификатор авторитетной/нормативной записи | RU\NLR\AUTH\66240523 |
| 606 1# - НАИМЕНОВАНИЕ ТЕМЫ КАК ПРЕДМЕТ | |
| Наименование темы | Дошкольные учреждения |
| Формальный подзаголовок | Учебно-методические пособия |
| Тематический подзаголовок | Работа с родителями |
| Системный номер авторитетной/нормативной записи | 2312270 |
| Идентификатор авторитетной/нормативной записи | RU\NLR\AUTH\661383807 |
| 686 1# - ИНДЕКСЫ ДРУГИХ КЛАССИФИКАЦИЙ | |
| Индекс | Ч411.331я7 |
| 686 1# - ИНДЕКСЫ ДРУГИХ КЛАССИФИКАЦИЙ | |
| Индекс | Ч411.51я7 |
| 700 #1 - ИМЯ ЛИЦА - ПЕРВИЧНАЯ ОТВЕТСТВЕННОСТЬ | |
| Графика поля | Кириллица |
| Материалы, к которым относится поле | rus |
| Начальный элемент ввода | Майданкина |
| Часть имени, кроме начального элемента ввода | Н. Ю. |
| Расширение инициалов личного имени | Наталья Юрьевна |
| Системный номер авторитетной/нормативной записи | 222318 |
| Идентификатор авторитетной/нормативной записи | RU\NLR\AUTH\770222374 |
| 701 #1 - ИМЯ ЛИЦА - АЛЬТЕРНАТИВНАЯ ОТВЕТСТВЕННОСТЬ | |
| Начальный элемент ввода | Баканова |
| Часть имени, кроме начального элемента ввода | С. И. |
| Расширение инициалов личного имени | Светлана Ивановна |
| 701 #1 - ИМЯ ЛИЦА - АЛЬТЕРНАТИВНАЯ ОТВЕТСТВЕННОСТЬ | |
| Графика поля | Кириллица |
| Материалы, к которым относится поле | rus |
| Начальный элемент ввода | Филиппова |
| Часть имени, кроме начального элемента ввода | Л. И. |
| Дополнения к именам, кроме дат | педагог, дошкол. образование |
| Расширение инициалов личного имени | Лилия Исмаиловна |
| Системный номер авторитетной/нормативной записи | 190984 |
| Идентификатор авторитетной/нормативной записи | RU\NLR\AUTH\770191035 |
| 942 ## - ДОПОЛНИТЕЛЬНЫЕ ЭЛЕМЕНТЫ ЗАПИСИ (АБИС) | |
| Тип экземпляра АБИС | Книга |
| 980 ## - КОЛЛЕКЦИЯ | |
| Название коллекции | НБР |
| 980 ## - КОЛЛЕКЦИЯ | |
| Название коллекции | Национальная библиография |
Нет доступных экземпляров.